| 000 | 00820nam a22001930 4500 | ||
|---|---|---|---|
| 003 | PILC | ||
| 005 | 20150518105519.0 | ||
| 008 | 080526s 000 0 eng d | ||
| 020 | _a9711103672 | ||
| 050 | 0 | 0 |
_aTX 286 _b.H765 1987 |
| 245 | 0 | 0 |
_aHomemaking arts and technology (with values and humanities) for high school / _ceditor Macalindog, Evangelina K.J. [and 5 others]. |
| 260 |
_aQuezon City : _bJMC Press, _c1987. |
||
| 300 |
_axi, 155 pages : _billustrations ; _c23 cm. |
||
| 500 | _aIncludes bibliographical references. | ||
| 650 |
_aHome economics _xStudy and teaching (Secondary) _zPhilippines. |
||
| 650 |
_aIndustrial arts _xStudy and teaching (Secondary) _zPhilippines. |
||
| 740 | 0 | _aPantahanang sining at teknolohiya (may kahalagahang pansangkatauhan) para sa mataas na paaralan. | |
| 942 |
_2lcc _cBK _kFIL |
||
| 999 |
_c284008 _d284008 |
||